书目信息 |
| 题名: |
土力学与地基基础学习指导
|
|
| 作者: | 孔军 主编 | |
| 分册: | ||
| 出版信息: | 北京 中国电力出版社 2006.01 |
|
| 页数: | 186页 | |
| 开本: | 24cm | |
| 丛书名: | 普通高等教育“十五”规划教材 | |
| 单 册: | ||
| 中图分类: | TU4 | |
| 科图分类: | ||
| 主题词: | 土力学--tu li xue--高等学校--教学参考资料 , 地基--di ji--基础(工程)--高等学校--教学参考资料 | |
| 电子资源: | ||
| ISBN: | 7-5083-3697-6 | |
| 000 | 01062nam 2200277 450 | |
| 001 | 0637066299 | |
| 005 | 20060426101822.80 | |
| 010 | @a7-5083-3697-6@dCNY18.00 | |
| 099 | @aCAL 012006032178 | |
| 100 | @a20060329d2006 ekmy0chiy0121 ea | |
| 101 | 0 | @achi |
| 102 | @aCN@b110000 | |
| 200 | 1 | @a土力学与地基基础学习指导@Atu li xue yu di ji ji chu xue xi zhi dao@f孔军主编@Fkong jun zhu bian |
| 210 | @a北京@c中国电力出版社@d2006.01 | |
| 215 | @a186页@c图@d24cm | |
| 225 | 0 | @a普通高等教育“十五”规划教材@Apu tong gao deng jiao yu “ shi wu ” gui hua jiao cai |
| 320 | @a有书目 (第186页) | |
| 330 | @a本书是一本高等学校土力学教学参考资料,主要内容包括:工程地质概述、土的物理性质及工程分类、地基中的应力、土的压缩性和地基沉降等。 | |
| 333 | @a高等院校土木工程专业师生。 | |
| 410 | 0 | @12001 @a普通高等教育十五规划教材 |
| 606 | 0 | @a土力学@Atu li xue@x高等学校@j教学参考资料 |
| 606 | 0 | @a地基@Adi ji@x基础(工程)@x高等学校@j教学参考资料 |
| 690 | @aTU4@v4 | |
| 701 | 0 | @a孔军@Akong jun@4主编 |
| 801 | 0 | @aCN@bXHSD@c20060426 |
| 905 | @a10447@dTU4@eK755 | |
| 土力学与地基基础学习指导/孔军主编.-北京:中国电力出版社,2006.01 |
| 186页:图;24cm.-(普通高等教育“十五”规划教材) |
| 使用对象:高等院校土木工程专业师生。 |
| ISBN 7-5083-3697-6:CNY18.00 |
| 本书是一本高等学校土力学教学参考资料,主要内容包括:工程地质概述、土的物理性质及工程分类、地基中的应力、土的压缩性和地基沉降等。 |
| ● |
| 相关链接 |
|
|
|
正题名:土力学与地基基础学习指导
索取号:TU4/K755
 
预约/预借
| 序号 | 登录号 | 条形码 | 馆藏地/架位号 | 状态 | 备注 |
| 1 | 601740 | 206017406 | 建筑库101/101建筑库 92排3列1层/ [索取号:TU4/K755] | 在馆 | |
| 2 | 601741 | 206017415 | 建筑库101/101建筑库 92排3列1层/ [索取号:TU4/K755] | 在馆 | |
| 3 | 601742 | 206017424 | 建筑库101/101建筑库 92排3列1层/ [索取号:TU4/K755] | 在馆 | |
| 4 | 601743 | 206017433 | 建筑库101/ [索取号:TU4/K755] | 在馆 | |
| 5 | 601744 | 206017442 | 建筑库101/101建筑库 92排3列1层/ [索取号:TU4/K755] | 在馆 |